Miṣbāḥ al-lug̲h̲āt; (Record no. 81239)
[ view plain ]
| 000 -LEADER | |
|---|---|
| fixed length control field | 00808cam a22002411 4500 |
| 001 - CONTROL NUMBER | |
| control field | sa 68006306 |
| 003 - CONTROL NUMBER IDENTIFIER | |
| control field | DLC |
| 005 - DATE AND TIME OF LATEST TRANSACTION | |
| control field | 20260227112515.0 |
| 008 - FIXED-LENGTH DATA ELEMENTS--GENERAL INFORMATION | |
| fixed length control field | 891102s1965 ii a d 000 0 urdr |
| 010 ## - LIBRARY OF CONGRESS CONTROL NUMBER | |
| LC control number | sa 68006306 |
| 025 ## - OVERSEAS ACQUISITION NUMBER | |
| Overseas acquisition number | PL480:I-Ar-18 |
| 035 ## - SYSTEM CONTROL NUMBER | |
| System control number | (OCoLC)20586286 |
| 040 ## - CATALOGING SOURCE | |
| Original cataloging agency | DLC |
| Transcribing agency | WaU |
| Modifying agency | WaU |
| -- | DLC |
| 041 0# - LANGUAGE CODE | |
| Language code of text/sound track or separate title | araurd |
| 042 ## - AUTHENTICATION CODE | |
| Authentication code | premarc |
| 050 00 - LIBRARY OF CONGRESS CALL NUMBER | |
| Classification number | PJ6636.U7 |
| Item number | B3 |
| 100 1# - MAIN ENTRY--PERSONAL NAME | |
| Personal name | Balyāvī, ʻAbdulḥafīẓ. |
| 245 10 - TITLE STATEMENT | |
| Title | Miṣbāḥ al-lug̲h̲āt; |
| Remainder of title | mukammal ʻArabī Urdu ḍikshnarī, pacas hazār se ziyādah ʻArabī alfāẓ kā behtarīn majmūʻah. |
| Statement of responsibility, etc. | Murtabah-i ʻAbdulḥafīẓ Balyāvī. |
| 260 ## - PUBLICATION, DISTRIBUTION, ETC. | |
| Place of publication, distribution, etc. | Dihlī, |
| Name of publisher, distributor, etc. | Maktabah-yi Burhān |
| Date of publication, distribution, etc. | [1965] |
| 300 ## - PHYSICAL DESCRIPTION | |
| Extent | 1022 p. |
| Other physical details | illus. |
| Dimensions | 25 cm. |
| 650 #0 - SUBJECT ADDED ENTRY--TOPICAL TERM | |
| Topical term or geographic name entry element | Arabic language |
| General subdivision | Dictionaries |
| -- | Urdu. |
| 740 0# - ADDED ENTRY--UNCONTROLLED RELATED/ANALYTICAL TITLE | |
| Uncontrolled related/analytical title | Arabī Urdū ḍikshnarī. |
No items available.